01490 2200649 4500001002100000005001500021035002000036007000300056008004100059020002200100082001000122084001600132100001800148245003900166260003100205300003500236700001500271700002200286700001100308700001700319990001400336990001400350990001400364990001400378990001400392990001400406990001400420990001400434990001400448990001400462990001400476990001400490990001400504990001400518990001400532990001400546990001400560990001400574990001400588990001400602990001400616990001400630990001400644990001400658990001400672990001400686990001400700990001400714990001400728990001400742990001400756990001400770990001400784990001400798990001400812990001400826INLIS00000000000031220260114111539 a0010-0126000005ta260114 0 ind  a978-623-180-650-5 a381.1 a381.1 NUR p0 aNuryati, puji1 aPengelolaan Bisnis Retail Kelas XI aJakarta :bErlangga,c2024 aix + 277 hlm. ;c17,5 x 25 cm.0 aHarti, dwi0 aMargianti, niniek0 aSutadi0 aBaroroh, umi a010692025 a010702025 a010712025 a010722025 a010732025 a010742025 a010752025 a010762025 a010772025 a010782025 a010792025 a010802025 a010812025 a010822025 a010832025 a010842025 a010852025 a010862025 a010872025 a010882025 a010892025 a010902025 a010912025 a010922025 a010932025 a010942025 a010952025 a010962025 a010972025 a010982025 a010992025 a011002025 a011012025 a011022025 a011032025 a011042025